Countries that were in the Warsaw Pact or the Soviet Union - Statistics

General Stats
  • This quiz has been taken 282 times
    281 since last reset
  • The average score is 21 of 24
Answer Stats
Hint Answer % Correct
Poland
97%
Hungary
95%
Romania
95%
Ukraine
92%
Belarus
91%
Bulgaria
91%
Latvia
91%
Lithuania
90%
Estonia
89%
Kazakhstan
89%
Armenia
88%
Russia
88%
Turkmenistan
88%
Georgia
87%
Moldova
87%
Uzbekistan
87%
Azerbaijan
86%
u Czechia
86%
Kyrgyzstan
86%
Tajikistan
86%
Albania
84%
Germany
83%
Slovakia
83%
Cuba
58%
No matching quizzes found
Score Distribution
Percent of People with Each Score
Percentile by Number Answered
Your Score History
You have not taken this quiz since the last reset